000 00293nam a2200109 4500
999 _c10090
_d10090
008 180801b ||||| |||| 00| 0 eng d
245 _aEruption, fire stir majestic Kanlaon.
260 _aDavao City
_bSun Star Davao
_cc2016
300 _apage 9.
650 0 _929799
_aVolcano.
942 _2ddc
_cPER